[Event "Steinfurt Bezirksliga 1516"]
[Site "Germany"]
[Date "2016.01.23"]
[Round "5.7"]
[White "Goebel, Michael"]
[Black "Biehl, Olaf"]
[Result "1/2-1/2"]
[WhiteElo "1291"]
[BlackElo "1651"]
[PlyCount "101"]
[EventDate "2015.09.19"]
[EventType "team-tourn"]
[EventRounds "9"]
[EventCountry "GER"]
[SourceTitle "EXT 2017"]
[Source "ChessBase"]
[SourceDate "2016.10.25"]
[SourceVersion "1"]
[SourceVersionDate "2016.10.25"]
[SourceQuality "1"]
[WhiteTeam "Rheine CC"]
[BlackTeam "Emsdetten Rochade III"]
[WhiteTeamCountry "GER"]
[BlackTeamCountry "GER"]

1. e4 e6 2. Nf3 d5 3. Bd3 c5 4. b3 Nc6 5. c3 Nf6 6. e5 Nd7 7. 0-0 Ndxe5 8. Bb5 Nxf3+ 9. Qxf3 Bd7 10. Re1 Be7 11. Qg3 Bf6 12. d3 a6 13. Bxc6 Bxc6 14. Bb2 Rc8 15. Nd2 Qc7 16. Qxc7 Rxc7 17. Nf3 d4 18. c4 Bxf3 19. gxf3 0-0 20. a4 h6 21. Ba3 Be7 22. Re4 Rb8 23. Bc1 Bd6 24. Kh1 b5 25. axb5 axb5 26. Ra6 Rd7 27. Kg2 bxc4 28. bxc4 Rb3 29. Ra3 Rdb7 30. Ra6 Be7 31. Ra8+ Kh7 32. Rg4 h5 33. Re4 Rxd3 34. Re5 g6 35. Ba3 Rc3 36. Bxc5 Rxc4 37. Bxe7 Rxe7 38. Ra2 Kg7 39. Rd2 f6 40. Rb5 e5 41. h3 Rc3 42. Rd5 Kf7 43. Rd6 Rb7 44. f4 Rbb3 45. fxe5 fxe5 46. Re2 Rb5 47. Ra2 Rc7 48. Raa6 Re7 49. Rf6+ Ke8 50. Ra8+ Kd7 51. Ra7+ 1/2-1/2

[Event "Steinfurt Bezirksliga 1415"]
[Site "Germany"]
[Date "2015.04.18"]
[Round "8.3"]
[White "Biehl, Olaf"]
[Black "Bauer, Alfred"]
[Result "1/2-1/2"]
[WhiteElo "1662"]
[BlackElo "1417"]
[PlyCount "137"]
[EventDate "2014.09.06"]
[EventType "team-tourn"]
[EventRounds "9"]
[EventCountry "GER"]
[SourceTitle "EXT 2016"]
[Source "ChessBase"]
[SourceDate "2015.10.08"]
[SourceVersion "1"]
[SourceVersionDate "2015.10.08"]
[SourceQuality "1"]
[WhiteTeam "Emsdetten Turm III"]
[BlackTeam "Steinfurt III"]
[WhiteTeamCountry "GER"]
[BlackTeamCountry "GER"]

1. e4 Nc6 2. d4 e6 3. Nf3 h6 4. c4 Bb4+ 5. Bd2 a6 6. Nc3 Bxc3 7. bxc3 d5 8. e5 Na5 9. Qa4+ Nc6 10. Rb1 Nge7 11. Qc2 Na5 12. cxd5 exd5 13. Bd3 b6 14. h3 Nc4 15. Bc1 Na5 16. Ba3 Nac6 17. 0-0 g5 18. Nh2 Be6 19. Ng4 Bxg4 20. hxg4 Qd7 21. Bf5 Nxf5 22. Qxf5 Qxf5 23. gxf5 Na5 24. f4 Nc4 25. Bc1 g4 26. f6 0-0-0 27. f5 h5 28. Bf4 h4 29. g3 hxg3 30. Kg2 Rh2+ 31. Kxg3 Rh3+ 32. Kg2 Rxc3 33. Rb3 Rc2+ 34. Rf2 Rxf2+ 35. Kxf2 Rh8 36. Kg2 Kd7 37. Rg3 Rg8 38. Bh6 Rh8 39. Bc1 Rg8 40. Bh6 b5 41. Bc1 a5 42. Kf2 c5 43. dxc5 Nxe5 44. Bf4 Nc4 45. Rb3 Kc6 46. Bd6 Nd2 47. Rb2 Ne4+ 48. Kg2 Nxf6 49. Be7 Ne4 50. f6 Rg5 51. a4 b4 52. Bd8 Nxc5 53. Bxa5 Nxa4 54. Rxb4 Nc5 55. Rb6+ Kd7 56. Bb4 Ne4 57. Rb7+ Ke6 58. Be7 Rf5 59. Rb6+ Ke5 60. Bf8 Rxf6 61. Bg7 Kf5 62. Bxf6 Nxf6 63. Rb7 Ke6 64. Kg3 d4 65. Rb5 Kd6 66. Rf5 Ke6 67. Ra5 Kd6 68. Rf5 Ke6 69. Ra5 1/2-1/2

[Event "Steinfurt Bezirksliga 1314"]
[Site "Germany"]
[Date "2014.05.17"]
[Round "9.3"]
[White "Biehl, Olaf"]
[Black "Meinert, Dominik"]
[Result "0-1"]
[WhiteElo "1669"]
[BlackElo "1573"]
[PlyCount "32"]
[EventDate "2013.09.14"]
[EventType "team-tourn"]
[EventRounds "9"]
[EventCountry "GER"]
[SourceTitle "EXT 2015"]
[Source "ChessBase"]
[SourceDate "2014.11.20"]
[SourceVersion "1"]
[SourceVersionDate "2014.11.20"]
[SourceQuality "1"]
[WhiteTeam "Emsdetten Turm III"]
[BlackTeam "Steinfurt II"]
[WhiteTeamCountry "GER"]
[BlackTeamCountry "GER"]

1. e4 e5 2. Nf3 Nf6 3. Nc3 Bb4 4. d3 d6 5. Be2 0-0 6. Bg5 Bxc3+ 7. bxc3 h6 8. Bh4 Nbd7 9. 0-0 c5 10. Ne1 Qc7 11. f4 exf4 12. Bxf6 Nxf6 13. Rxf4 d5 14. Qc1 dxe4 15. dxe4 Re8 16. Qe3 Nd5 0-1

[Event "Steinfurt Bezirksliga 1213"]
[Site "Germany"]
[Date "2013.01.12"]
[Round "5.5"]
[White "Biehl, Olaf"]
[Black "Holtmannspoetter, Michael"]
[Result "1-0"]
[WhiteElo "1650"]
[BlackElo "1585"]
[PlyCount "67"]
[EventDate "2012.09.22"]
[EventType "team-tourn"]
[EventRounds "9"]
[EventCountry "GER"]
[SourceTitle "EXT 2015"]
[Source "ChessBase"]
[SourceDate "2014.11.20"]
[SourceVersion "1"]
[SourceVersionDate "2014.11.20"]
[SourceQuality "1"]
[WhiteTeam "Emsdetten Turm III"]
[BlackTeam "Reckenfeld"]
[WhiteTeamCountry "GER"]
[BlackTeamCountry "GER"]

1. e4 e5 2. Nf3 Nc6 3. Bc4 Bc5 4. c3 d6 5. d4 exd4 6. cxd4 Bb4+ 7. Nc3 h6 8. 0-0 Nf6 9. Re1 0-0 10. Bf4 a6 11. h3 b5 12. Bb3 Na5 13. Bc2 Nc4 14. Qc1 Nh7 15. e5 dxe5 16. dxe5 f5 17. Rd1 Qe8 18. Nd5 Ba5 19. b3 c6 20. bxc4 cxd5 21. cxd5 g5 22. Bh2 f4 23. d6 Kg7 24. Qb2 Be6 25. Nd4 h5 26. Nxe6+ Qxe6 27. Bb3 Qf5 28. e6+ Kh6 29. e7 Rfe8 30. Bc2 Qc5 31. Bxh7 Kxh7 32. Rac1 Qf5 33. Qc2 Kg6 34. d7 1-0

[Event "Steinfurt Bezirksklasse 1011"]
[Site "Germany"]
[Date "2011.05.14"]
[Round "9.2"]
[White "Hallmeier, Philipp"]
[Black "Biehl, Olaf"]
[Result "0-1"]
[WhiteElo "1384"]
[BlackElo "1660"]
[PlyCount "74"]
[EventDate "2010.09.25"]
[EventType "team-tourn"]
[EventRounds "9"]
[EventCountry "GER"]
[SourceTitle "EXT 2012"]
[Source "ChessBase"]
[SourceDate "2011.11.24"]
[SourceVersion "1"]
[SourceVersionDate "2011.11.24"]
[SourceQuality "1"]
[WhiteTeam "Ibbenbueren III"]
[BlackTeam "Emsdetten Turm IV"]
[WhiteTeamCountry "GER"]
[BlackTeamCountry "GER"]

1. e4 e6 2. d4 d5 3. Nc3 Bb4 4. e5 c5 5. Be3 Nc6 6. Bb5 Qa5 7. Bxc6+ bxc6 8. Nge2 cxd4 9. Bxd4 c5 10. a3 Bxc3+ 11. Bxc3 Qc7 12. f4 Ne7 13. 0-0 Bb7 14. b3 Nf5 15. Bd2 Rd8 16. Nc3 h5 17. a4 a6 18. Qe1 d4 19. Ne2 Qc6 20. Rf3 h4 21. h3 Rh6 22. Qf2 Qd7 23. Rd3 Be4 24. Rc1 Rg6 25. Ba5 Bxd3 26. Bxd8 Bxe2 27. Qxe2 Qxd8 28. Qxa6 Ne3 29. Qb5+ Qd7 30. Qxc5 Qb7 31. Qb5+ Qxb5 32. axb5 Rxg2+ 33. Kh1 Rxc2 34. Rxc2 Nxc2 35. Kg2 Nb4 36. Kf3 d3 37. Ke3 Kd7 0-1

[Event "Steinfurt Bezirksklasse 1011"]
[Site "Germany"]
[Date "2011.02.26"]
[Round "7.1"]
[White "Biehl, Olaf"]
[Black "Schnabel, Reinhard"]
[Result "1-0"]
[WhiteElo "1660"]
[BlackElo "1490"]
[PlyCount "73"]
[EventDate "2010.09.25"]
[EventType "team-tourn"]
[EventRounds "9"]
[EventCountry "GER"]
[SourceTitle "EXT 2012"]
[Source "ChessBase"]
[SourceDate "2011.11.24"]
[SourceVersion "1"]
[SourceVersionDate "2011.11.24"]
[SourceQuality "1"]
[WhiteTeam "Emsdetten Turm IV"]
[BlackTeam "Reckenfeld II"]
[WhiteTeamCountry "GER"]
[BlackTeamCountry "GER"]

1. e4 e5 2. Nf3 Nc6 3. d4 exd4 4. Nxd4 Qf6 5. Be3 Bb4+ 6. c3 Bc5 7. Be2 Nxd4 8. cxd4 Bb6 9. Nc3 c6 10. 0-0 Qe7 11. Qd2 d6 12. Rae1 Bd7 13. Bf3 0-0-0 14. b4 h6 15. a4 Kb8 16. a5 Bc7 17. Rb1 a6 18. d5 c5 19. bxc5 dxc5 20. Bf4 Bc8 21. Rfd1 Be5 22. d6 Qe6 23. Rb6 f6 24. Na4 g5 25. Be3 Rh7 26. Nxc5 Qe8 27. Nxa6+ Ka8 28. Nc5 Ne7 29. Qe2 Nc6 30. Bh5 Qf8 31. Bg6 Rg7 32. Bf5 Bxf5 33. exf5 Rxd6 34. Ne6 Rxd1+ 35. Qxd1 Qf7 36. Nxg7 Qxg7 37. a6 1-0

[Event "Muensterland Verbandsklasse-A 0607"]
[Site "Germany"]
[Date "2006.10.21"]
[Round "2.7"]
[White "Biehl, Olaf"]
[Black "Junker, Axel"]
[Result "1/2-1/2"]
[WhiteElo "1674"]
[BlackElo "1772"]
[PlyCount "30"]
[EventDate "2006.09.23"]
[EventType "team"]
[EventRounds "9"]
[EventCountry "GER"]
[SourceTitle "EXT 2008"]
[Source "ChessBase"]
[SourceDate "2007.11.25"]
[SourceVersion "1"]
[SourceVersionDate "2007.11.25"]
[SourceQuality "1"]
[WhiteTeam "Emsdetten Turm III"]
[BlackTeam "Sendenhorst"]
[WhiteTeamCountry "GER"]
[BlackTeamCountry "GER"]

1. e4 c5 2. Nf3 Nf6 3. Nc3 Nc6 4. d4 d5 5. exd5 Nxd5 6. Bb5 Nxc3 7. bxc3 e6 8. 0-0 Be7 9. Ne5 Bd7 10. Nxd7 Qxd7 11. Qf3 a6 12. Bxc6 Qxc6 13. Qxc6+ bxc6 14. Bf4 0-0 15. Rab1 cxd4 1/2-1/2

[Event "Steinfurt Bezirksliga 0506"]
[Site "Germany"]
[Date "2006.03.09"]
[Round "7.6"]
[White "Biehl, Olaf"]
[Black "Schnabel, Reinhard"]
[Result "1/2-1/2"]
[WhiteElo "1531"]
[BlackElo "1540"]
[PlyCount "84"]
[EventDate "2005.09.24"]
[EventType "team-tourn"]
[EventRounds "9"]
[EventCountry "GER"]
[SourceTitle "EXT 2006"]
[Source "ChessBase"]
[SourceDate "2005.11.24"]
[SourceVersion "1"]
[SourceVersionDate "2005.11.24"]
[SourceQuality "1"]
[WhiteTeam "Emsdetten Turm III"]
[BlackTeam "Reckenfeld"]
[WhiteTeamCountry "GER"]
[BlackTeamCountry "GER"]

1. e4 e5 2. Nf3 Nc6 3. Bc4 Nf6 4. Ng5 d5 5. exd5 Na5 6. Bb5+ c6 7. dxc6 bxc6 8. Be2 Be7 9. Nc3 h6 10. Nge4 Nd5 11. 0-0 0-0 12. d3 Bf5 13. Re1 Bh7 14. Bf3 Rb8 15. Nxd5 cxd5 16. Nc3 d4 17. Nd5 Bd6 18. a3 Nb7 19. b4 f5 20. c4 dxc3 21. Nxc3 Qd7 22. Bb2 Nd8 23. Nd5 Nf7 24. Qb3 Kh8 25. Rac1 Qd8 26. Qd1 Re8 27. g3 Ng5 28. Bg2 Nf7 29. Qd2 Qg5 30. Qxg5 hxg5 31. Rc6 e4 32. dxe4 fxe4 33. Ne3 Be5 34. Bxe5 Nxe5 35. Rc7 Rf8 36. Rxa7 Nd3 37. Rf1 Rbc8 38. Re7 Rc3 39. Bxe4 Bxe4 40. Rxe4 Rxa3 41. Rd4 Rb3 42. Rg4 Ne5 1/2-1/2

[Event "Muensterland Verbandsklasse-A 0405"]
[Site "Muensterland"]
[Date "2004.09.11"]
[Round "1.7"]
[White "Kessler, Karl"]
[Black "Biehl, Olaf"]
[Result "1-0"]
[WhiteElo "1667"]
[BlackElo "1734"]
[PlyCount "48"]
[EventDate "2004.09.11"]
[EventType "team"]
[EventRounds "9"]
[EventCountry "GER"]
[SourceTitle "EXT 2006"]
[Source "ChessBase"]
[SourceDate "2005.11.24"]
[SourceVersion "1"]
[SourceVersionDate "2005.11.24"]
[SourceQuality "1"]
[WhiteTeam "Gesch II"]
[BlackTeam "Emsdetten Turm III"]
[WhiteTeamCountry "GER"]
[BlackTeamCountry "GER"]

1. d4 d5 2. Bf4 Bf5 3. e3 Nf6 4. Nf3 e6 5. Bd3 Bg6 6. 0-0 Bd6 7. Bxd6 cxd6 8. c4 Nc6 9. Nc3 Bxd3 10. Qxd3 Nb4 11. Qe2 dxc4 12. Qxc4 Nbd5 13. Rfc1 Nb6 14. Qb3 Rc8 15. a4 Qd7 16. a5 Nc4 17. Nb5 a6 18. Rxc4 Rxc4 19. Nxd6+ Qxd6 20. Qxc4 Kd7 21. Ne5+ Ke7 22. Rc1 Ne8 23. Qc8 Qd5 24. Rc5 Qd6 1-0

[Event "Steinfurt Bezirksliga 0304"]
[Site "Germany"]
[Date "2004.05.22"]
[Round "9.2"]
[White "Biehl, Olaf"]
[Black "Von Gorissen, Rolf Ruediger"]
[Result "1-0"]
[WhiteElo "1708"]
[BlackElo "1562"]
[PlyCount "99"]
[EventDate "2003.10.18"]
[EventType "team-tourn"]
[EventRounds "9"]
[EventCountry "GER"]
[SourceTitle "EXT 2005"]
[Source "ChessBase"]
[SourceDate "2004.11.15"]
[SourceVersion "1"]
[SourceVersionDate "2004.11.15"]
[SourceQuality "1"]
[WhiteTeam "Emsdetten Turm IV"]
[BlackTeam "Steinfurt II"]
[WhiteTeamCountry "GER"]
[BlackTeamCountry "GER"]

1. e4 e6 2. d4 d5 3. e5 c5 4. c3 Nc6 5. Nf3 cxd4 6. cxd4 Bb4+ 7. Bd2 Qb6 8. Bxb4 Qxb4+ 9. Qd2 Qxd2+ 10. Kxd2 Nge7 11. Nc3 a6 12. Na4 Nf5 13. Nb6 Rb8 14. Kd3 Bd7 15. g4 Nfe7 16. Ke3 Nc8 17. Nxd7 Kxd7 18. Rc1 h6 19. a3 Nb6 20. Bd3 Rhc8 21. b4 Ne7 22. Nd2 Na4 23. Nb3 Rxc1 24. Rxc1 Rc8 25. b5 Rxc1 26. Nxc1 a5 27. Bc2 Nb2 28. Bb3 b6 29. Kd2 Nc4+ 30. Bxc4 dxc4 31. Kc3 f6 32. Kxc4 Nd5 33. Ne2 Ke7 34. Nc3 Nf4 35. Ne4 fxe5 36. dxe5 Nd5 37. Nc3 Nf4 38. Kd4 g5 39. Ke4 Ng6 40. Na4 Kd7 41. Nxb6+ Kc7 42. Nc4 Nf4 43. Kd4 Ne2+ 44. Kc5 Nc3 45. b6+ Kd7 46. Nxa5 Ne4+ 47. Kb5 Nxf2 48. b7 Kc7 49. Ka6 Nd3 50. Ka7 1-0

[Event "Muensterland Verbandsklasse-A 0203"]
[Site "Muensterland"]
[Date "2002.12.14"]
[Round "4.6"]
[White "Biehl, Olaf"]
[Black "Holstegge, Ludger"]
[Result "0-1"]
[WhiteElo "1673"]
[BlackElo "1891"]
[PlyCount "58"]
[EventDate "2002.09.28"]
[EventType "team"]
[EventRounds "9"]
[EventCountry "GER"]
[SourceTitle "EXT 2004"]
[Source "ChessBase"]
[SourceDate "2003.11.25"]
[SourceVersion "1"]
[SourceVersionDate "2003.11.25"]
[SourceQuality "1"]
[WhiteTeam "Emsdetten Turm III"]
[BlackTeam "Nordwalde"]
[WhiteTeamCountry "GER"]
[BlackTeamCountry "GER"]

1. e4 c5 2. Nf3 Nc6 3. d4 cxd4 4. Nxd4 d6 5. Be2 Nf6 6. Nc3 a6 7. Be3 e6 8. Qd2 Be7 9. f4 Qc7 10. Bf3 Bd7 11. Qf2 Rc8 12. a4 Nb4 13. Nb3 d5 14. Bb6 Qxf4 15. g3 Qd6 16. Rc1 dxe4 17. Nxe4 Nxe4 18. Bxe4 Qe5 19. 0-0 0-0 20. Bxb7 Rb8 21. Bd4 Qc7 22. Be4 Bxa4 23. Nc5 Bb5 24. Bd3 Rbd8 25. Be3 Nd5 26. Nxa6 Bxa6 27. Bxa6 Nxe3 28. Rfe1 Nc4 29. Qe2 Qb6+ 0-1

[Event "Steinfurt Bezirksklasse 0203"]
[Site "Germany"]
[Date "2002.11.23"]
[Round "3.2"]
[White "Biehl, Olaf"]
[Black "Zachert, Klaus"]
[Result "1-0"]
[WhiteElo "1673"]
[BlackElo "1490"]
[PlyCount "47"]
[EventDate "2002.09.28"]
[EventType "team-tourn"]
[EventRounds "7"]
[EventCountry "GER"]
[SourceTitle "EXT 2005"]
[Source "ChessBase"]
[SourceDate "2004.11.15"]
[SourceVersion "1"]
[SourceVersionDate "2004.11.15"]
[SourceQuality "1"]
[WhiteTeam "Emsdetten Turm IV"]
[BlackTeam "Westerkappeln II"]
[WhiteTeamCountry "GER"]
[BlackTeamCountry "GER"]

1. e4 e5 2. Nf3 Nc6 3. Bc4 Bc5 4. c3 Nf6 5. d4 exd4 6. cxd4 Bb4+ 7. Nc3 d5 8. exd5 Nxd5 9. Bd2 Be6 10. Bb5 Qd6 11. 0-0 0-0 12. Bxc6 Qxc6 13. Nxd5 Bxd5 14. Bxb4 Rfd8 15. Bc3 Rd6 16. Ne5 Qb6 17. Re1 Rh6 18. Re3 f6 19. Nd3 Qd6 20. Rg3 Re8 21. Qd2 Rh4 22. Re1 Rc8 23. Bb4 Qd7 24. Re7 1-0

[Event "Muensterland Verbandsklasse-A 0203"]
[Site "Muensterland"]
[Date "2002.11.09"]
[Round "2.8"]
[White "Biehl, Olaf"]
[Black "Fehlings, Gerd"]
[Result "1/2-1/2"]
[WhiteElo "1673"]
[BlackElo "1679"]
[PlyCount "113"]
[EventDate "2002.09.28"]
[EventType "team"]
[EventRounds "9"]
[EventCountry "GER"]
[SourceTitle "EXT 2004"]
[Source "ChessBase"]
[SourceDate "2003.11.25"]
[SourceVersion "1"]
[SourceVersionDate "2003.11.25"]
[SourceQuality "1"]
[WhiteTeam "Emsdetten Turm III"]
[BlackTeam "Emsdetten Rochade"]
[WhiteTeamCountry "GER"]
[BlackTeamCountry "GER"]

1. e4 e6 2. d4 d5 3. exd5 exd5 4. Bd3 Bd6 5. Nf3 Nf6 6. Bg5 0-0 7. 0-0 Re8 8. Nbd2 h6 9. Bh4 Bg4 10. c3 Nbd7 11. Qc2 c6 12. Rfe1 Qc7 13. Bf5 Bxf5 14. Qxf5 Rxe1+ 15. Rxe1 Re8 16. Rxe8+ Nxe8 17. g4 Nf8 18. Bg3 Bxg3 19. hxg3 g6 20. Qd3 Qe7 21. Ne5 Kg7 22. f4 f6 23. Nef3 g5 24. Nf1 Nd6 25. Ne3 Qe4 26. Qxe4 Nxe4 27. Kg2 Nd7 28. Nf5+ Kh7 29. Ng1 Nb6 30. Ne2 Na4 31. b3 Naxc3 32. Nc1 Nb5 33. Kf3 Nbd6 34. Nxd6 Nxd6 35. Nd3 Ne4 36. Nc1 Kg7 37. Ne2 Kf7 38. Nc1 Ke7 39. Ne2 Kd6 40. Nc1 b6 41. b4 c5 42. bxc5+ bxc5 43. dxc5+ Kxc5 44. Nb3+ Kc4 45. Na5+ Kc3 46. Nc6 Nd2+ 47. Ke2 a6 48. Ne7 Ne4 49. Nxd5+ Kd4 50. Nb4 Nxg3+ 51. Kf3 Ne4 52. Nxa6 Nc3 53. Nc7 Nxa2 54. Ne8 Nb4 55. Nxf6 gxf4 56. Kxf4 Nd3+ 57. Kf5 1/2-1/2